Statistics for Closest UK City Pairs

Click here to take the quiz!

General Stats

  • This quiz has been taken 28 times
  • The average score is 13 of 20

Answer Stats

CityNearest OtherDistance (km)% Correct
BathBristol17
92%
CoventryBirmingham28
76%
NewportCardiff17
76%
PlymouthExeter58
76%
SalfordManchester7
76%
DerbyNottingham22
76%
BradfordLeeds13
72%
CarlisleNewcastle upon Tyne83
72%
GloucesterWorcester36
72%
ElyCambridge24
68%
StirlingGlasgow35
68%
ChelmsfordCity of London46
64%
SunderlandDurham19
60%
PrestonLancaster33
60%
St DavidsSwansea95
60%
RiponYork35
60%
InvernessPerth129
56%
BrightonChichester44
44%
BelfastLisburn11
44%
St AlbansWestminster32
28%

Score Distribution

Percentile by Number Answered

Percent of People with Each Score

Your Score History

You have not taken this quiz